LEADER 01336nam a22002893i 4500 001 991000347289707536 005 20040818114432.0 008 040920s1993 it ita 020 $a9788872511077 035 $ab13208111-39ule_inst 035 $aARCHE-115435$9ExL 040 $aSet. Economia$bita$cA.t.i. Arché s.c.r.l. Pandora Sicilia s.r.l. 082 04$a343.4506 100 1 $aBlasio, Elio$0111871 245 10$aTassazione e controllo societario nella CEE :$bdirettive CEE madre-figlia, norme antielusive, tax ruling, convenzioni contro le doppie imposizioni /$cElio Blasio, Roberto Ceccherini, Federico Monaco 260 $aMilano :$bEBC,$cc1993 300 $aXI, 316 p. ;$c22 cm 500 $aSegue: Appendici 650 4$aSocietà (Diritto e economia)$xTributi$xLegislazione 700 1 $aCeccherini, Roberto$eauthor$4http://id.loc.gov/vocabulary/relators/aut$0251620 700 1 $aMonaco, Federico$eauthor$4http://id.loc.gov/vocabulary/relators/aut$0280833 907 $a.b13208111$b27-05-19$c23-09-04 912 $a991000347289707536 945 $aLE025 ECO 343 BLA02.01$g1$i2025000166721$lle025$nCatalogato 2019$o-$pE0.00$q-$rl$s- $t0$u1$v0$w1$x0$y.i13863149$z23-09-04 996 $aTassazione e controllo societario nella CEE$935981 997 $aUNISALENTO 998 $ale025$b23-09-04$cm$da $e-$fita$git $h0$i1 LEADER 01399nas 2200493- 450 001 9910132378003321 005 20210125032516.1 035 $a(OCoLC)853473496 035 $a(CKB)3520000000000036 035 $a(CONSER)--2014243549 035 $a(DE-599)ZDB2815488-5 035 $a(EXLCZ)993520000000000036 100 $a20130722a20119999 --- a 101 0 $aeng 135 $aur||||||||||| 181 $ctxt$2rdacontent 182 $cc$2rdamedia 183 $acr$2rdacarrier 200 00$aAutopsy & case reports 210 1$aSão Paulo :$cHospital Universitário, Universidade de São Paulo,$d[2011]- 215 $a1 online resource 300 $aRefereed/Peer-reviewed 311 08$a2236-1960 517 1 $aAutopsy and case reports 531 $aAUTOPS CASE REP 606 $aAutopsy$vPeriodicals 606 $aAutopsy$vCase studies 606 $aAutopsy$2fast$3(OCoLC)fst00824193 606 $aAutopsy 608 $aFulltext. 608 $aInternet Resources. 608 $aPeriodicals. 608 $aCase studies.$2fast 608 $aPeriodicals.$2fast 608 $aPeriodical. 615 0$aAutopsy 615 0$aAutopsy 615 7$aAutopsy. 615 12$aAutopsy. 712 02$aUniversidade de São Paulo.$bHospital Universitário, 906 $aJOURNAL 912 $a9910132378003321 996 $aAutopsy & case reports$91943938 997 $aUNINA